Stati per rapporto confini / superficie - Statistics

Statistiche generali
  • Questo quiz è stato fatto 41 volte
  • Il punteggio medio è 9 su 15
Statistiche sulle risposte
Confini/Area (km/km²) Continente Nazione % Corretto
0,4650000 Europa Liechtenstein
91%
0,2570513 Europa Andorra
89%
0,6393443 Europa San Marino
86%
7,2727273 Europa Città del Vaticano
83%
0,1388244 Europa Lussemburgo
83%
2,2000000 Europa Monaco
77%
0,0452505 Europa Montenegro
54%
0,0658018 Europa Slovenia
54%
0,0453682 Europa Belgio
49%
0,0660885 Asia Brunei
46%
0,0448600 Europa Svizzera
46%
0,0655157 Africa Gambia
43%
0,0489649 Asia Israele
34%
0,0434367 Asia Libano
34%
0,0421612 Asia Armenia
23%
Nessun quiz corrispondente trovato
Distribuzione punteggi
Percentuale di utenti per punteggio
Percentile per numero di risposta
I tuoi punteggi nel tempo
Non hai fatto questo quiz